[Event "Cologne Longerich op-B 13th"]
[Site "Cologne"]
[Date "2016.08.14"]
[Round "4"]
[White "Rebischke, Florian"]
[Black "Ipekyilmaz, Tayfun"]
[Result "1-0"]
[WhiteElo "1700"]
[BlackElo "1640"]
[PlyCount "55"]
[EventDate "2016.08.12"]
[EventType "swiss"]
[EventRounds "5"]
[EventCountry "GER"]
[SourceTitle "EXT 2022"]
[Source "ChessBase"]
[SourceDate "2021.10.06"]
[SourceVersion "1"]
[SourceVersionDate "2021.10.06"]
[SourceQuality "1"]

1. d4 Nf6 2. c4 e5 3. e3 e4 4. Nc3 Bb4 5. Bd2 Bxc3 6. Bxc3 d5 7. cxd5 Nxd5 8. Qc2 Nxc3 9. bxc3 Qe7 10. Ne2 0-0 11. Ng3 f5 12. Bc4+ Kh8 13. Ne2 Nc6 14. a4 g5 15. g3 Be6 16. Qa2 Bxc4 17. Qxc4 Na5 18. Qb5 b6 19. h4 a6 20. Qb1 Nc4 21. hxg5 Qxg5 22. Qa2 b5 23. axb5 axb5 24. Qxa8 Rxa8 25. Rxa8+ Kg7 26. Nf4 Qe7 27. Rc8 Nb6 28. Rxc7 1-0

[Event "Solingen-ch"]
[Site "Solingen"]
[Date "2015.09.04"]
[Round "1"]
[White "Rebischke, Florian"]
[Black "Mentzel, Markus"]
[Result "1/2-1/2"]
[WhiteElo "1617"]
[BlackElo "1950"]
[PlyCount "84"]
[EventDate "2015.09.04"]
[EventType "swiss"]
[EventRounds "7"]
[EventCountry "GER"]
[SourceTitle "EXT 2018"]
[Source "ChessBase"]
[SourceDate "2017.10.13"]
[SourceVersion "1"]
[SourceVersionDate "2017.10.13"]
[SourceQuality "1"]

1. c4 e6 2. d4 Nf6 3. g3 d5 4. cxd5 exd5 5. Bg2 c6 6. Nf3 Bd6 7. 0-0 0-0 8. Bg5 h6 9. Bxf6 Qxf6 10. Nc3 Re8 11. Re1 Qd8 12. Qd3 Na6 13. a3 Bg4 14. h3 Be6 15. b4 Qd7 16. h4 Bf5 17. Qd2 Nc7 18. Ne5 Bxe5 19. dxe5 Rad8 20. Rad1 Qe7 21. f4 d4 22. Ne4 Nb5 23. a4 Bxe4 24. axb5 Bxg2 25. Kxg2 cxb5 26. Rc1 Qd7 27. Red1 Qd5+ 28. Kh2 Re7 29. Rc5 Qd7 30. Qd3 a6 31. Rdc1 Qe8 32. R1c2 Red7 33. Qf5 Qe6 34. Qxe6 fxe6 35. Kh3 h5 36. Kg2 d3 37. exd3 Rxd3 38. Rc7 R3d7 39. Kf2 Kf7 40. Rxd7+ Rxd7 41. Ke3 g6 42. Rc8 Kg7 1/2-1/2